Quiz bardzo fajny - Statystyki

Ogólne statystyki
  • Ten quiz został rozwiązany 117 razy
  • Średni wynik to 5 z 15
Statystyki odpowiedzi
% Poprawnych
Zimowa stolica Polski Zakopane
90%
Druga największe Polskie Miasto Kraków
89%
Ze Stolicą w Vaduz.. Liechtenstein
65%
Macedonia ma stolicę w.. Skopje
54%
Ołeksandr Usyk pochodzi z.. Ukrainy
49%
Państwo niepodległe od 2011 r. Sudan Południowy
46%
Super holender, jeździ w Red Bull w F1 Max Verstappen
43%
Guam to terytorium zależne.. USA
26%
16 Prezydent USA, jeden z najbardziej znanych Abraham Lincoln
14%
Gatunek orangutana występujący w PL Diho
6%
Największe miasto Ohio Columbus
4%
3 najgorsza ranga w CS:GO Srebro III
4%
"Duża wieżę mam dla niej jak..." Paryż
2%
Najważniejszy król Polski Sentino
2%
2 Najmniejsze polskie miasto Wiślica
1%
Nie znaleziono quizów pasujących do podanych kryteriów
Rozkład punktacji
Procent ludzi z każdym wynikiem
Percentyl według liczby udzielonych odpowiedzi
Twoja historia wyników
Nie rozwiązałeś tego quizu